Loading...

Essentials of Short-Range Wireless

Bibliografiske detaljer
Hovedforfatter: Nick Hunn
Format: eBog
Sprog:English
Udgivet: Cambridge University Press 2010
Serier:The Cambridge Wireless Essentials Series
Fag:
Online adgang:http://dx.doi.org/10.1017/CBO9780511776991
LEADER 00657nam a22001937a 4500
005 20151026133433.0
008 150418b xxu||||| |||| 00| 0 eng d
020 |a 9780511776991 
100 |a Nick Hunn  
245 |a Essentials of Short-Range Wireless 
260 |b Cambridge University Press  |c 2010 
490 |a The Cambridge Wireless Essentials Series  
500 |a Online book 
653 |a Wireless Communications  
653 |a Communications and signal processing  
856 |u http://dx.doi.org/10.1017/CBO9780511776991 
942 |c EB  |6 _ 
999 |c 71119  |d 71119 
952 |0 0  |1 0  |2 udc  |4 0  |6 _  |7 0  |9 83093  |a UL  |b UL  |d 2015-04-18  |p EB000312  |r 2015-04-18  |w 2015-04-18  |y EB